=LDR 00000nam 2200000 4500 =001 NUTBA000000000002442 =005 20140616172503.0 =006 =007 =008 =035 ##$$a 0010-061400000000385 =040 ##$$a Ind =082 ##$$a 657. 45 =090 ##$$a 657. 45$bSim p =100 ##$$a Simangunsong =245 ##$$a Pokok-pokok pengendalian interen$cSimangunsong =250 ##$$a Cet.1 =260 ##$$a Jakarta$bSetia beriman$c1989 =300 ##$$a Vi,85 HLm$bIlus$c21 cm =850 ##$$a NBPNMAT =990 ##$$a 00089021 =990 ##$$a 21400613/BPAP-NTB/20142014